Statistiques concernant Focus sur: Alphard Black - Harry Potter

Cliquez ici pour prendre le quiz!

Statistiques générales

  • Ce quiz a été pris 65 fois
  • Le résultat moyen est 5 sur 8

Statistiques - réponses

Informations recherchéesRéponses% Correct
Statut du sangSang-Pur
98%
Ecole fréquentéePoudlard
94%
Maison fréquentéeSerpentard
94%
Première mentionHarry Potter et l'Ordre du Phénix
83%
SoeurWalburga Black
45%
FrèreCygnus Black III
42%
MèreIrma Crabbe
19%
PèrePollux Black
19%

Distribution des résultats

Percentile par nombre de réponses

% des personnes avec chaque résultat

Votre développement - résultats

Vous n’avez pas pris ce quiz